| 000 | 00998nam a2200265Ia 4500 | ||
|---|---|---|---|
| 003 | OSt | ||
| 005 | 20220918111020.0 | ||
| 006 | a|||||r|||| 00| 0 | ||
| 007 | ta | ||
| 008 | 220915b |||||||| |||| 00| 0 hin d | ||
| 020 | _c900 | ||
| 024 | _a20,584 | ||
| 037 |
_b830, 04/03/2015, Anshika Book International _cReference Collections |
||
| 040 |
_aARTS _cARTS _bhin |
||
| 041 |
_2hin _ahin |
||
| 082 | _aP15:4k, 152K9;Q2(RR) | ||
| 100 | _aआप्टे, वामन शिवराम | ||
| 245 | 0 | _aसंस्कृत - हिन्दी कोश | |
| 246 | _aSanskṛut - hindī kosha | ||
| 260 |
_aवाराणसी _bचौखम्बा विद्याभवन भारत _c2012 |
||
| 300 | _a1360पृ0 | ||
| 650 |
_aहिन्दी भाषा _9232 |
||
| 942 |
_hP15:4k, 152K9;Q2(RR) _cREF |
||
| 999 |
_c116452 _d116452 |
||